<?xml version="1.0" encoding="UTF-8"?>
<record
    xmlns:xsi="http://www.w3.org/2001/XMLSchema-instance"
    xsi:schemaLocation="http://www.loc.gov/MARC21/slim http://www.loc.gov/standards/marcxml/schema/MARC21slim.xsd"
    xmlns="http://www.loc.gov/MARC21/slim">

  <leader>00900nam a2200229 a 4500</leader>
  <controlfield tag="001">BRCA_2947</controlfield>
  <controlfield tag="005">20190320204036.0</controlfield>
  <controlfield tag="008">161208s1887----sp-a---###---#000-0#spa-u</controlfield>
  <datafield tag="050" ind1=" " ind2="4">
    <subfield code="a">F1211.D9</subfield>
    <subfield code="b">.D97 1887</subfield>
  </datafield>
  <datafield tag="100" ind1="1" ind2=" ">
    <subfield code="a">Duplessis, Paul</subfield>
    <subfield code="d">1815-1865</subfield>
    <subfield code="9">8196</subfield>
  </datafield>
  <datafield tag="245" ind1="1" ind2="0">
    <subfield code="a">Un mundo desconocido o viajes contempor&#xE1;neos por M&#xE9;jico</subfield>
    <subfield code="c">de Pablo Duplessis ; traducidos por Jos&#xE9; Leren y Moreno.</subfield>
  </datafield>
  <datafield tag="260" ind1=" " ind2=" ">
    <subfield code="a">Madrid</subfield>
    <subfield code="b">La Correspondencia de Espa&#xF1;a</subfield>
    <subfield code="c">1861</subfield>
  </datafield>
  <datafield tag="300" ind1=" " ind2=" ">
    <subfield code="a">1 v. (en varias paginaciones)</subfield>
    <subfield code="b">il.</subfield>
    <subfield code="c">16 cm.</subfield>
  </datafield>
  <datafield tag="500" ind1=" " ind2=" ">
    <subfield code="a">B102</subfield>
  </datafield>
  <datafield tag="505" ind1="0" ind2=" ">
    <subfield code="a">La gemma / Paul Feval ; Cuentos escogidos / de varios autores ; Rolando Piede Hierro / por Paul Feval ; El capitan Espartaco / por Paul Feval.</subfield>
  </datafield>
  <datafield tag="650" ind1="1" ind2="4">
    <subfield code="a">Viajeros franceses</subfield>
    <subfield code="9">7982</subfield>
  </datafield>
  <datafield tag="650" ind1="1" ind2="4">
    <subfield code="a">Literatura francesa</subfield>
    <subfield code="9">8197</subfield>
  </datafield>
  <datafield tag="651" ind1=" " ind2="4">
    <subfield code="a">M&#xE9;xico</subfield>
    <subfield code="x">Descripci&#xF3;n y viajes</subfield>
    <subfield code="9">103</subfield>
  </datafield>
  <datafield tag="700" ind1="1" ind2=" ">
    <subfield code="a">Leren y Moreno, Jos&#xE9;</subfield>
    <subfield code="e">tr</subfield>
    <subfield code="9">8198</subfield>
  </datafield>
  <datafield tag="902" ind1=" " ind2=" ">
    <subfield code="a">GFM</subfield>
  </datafield>
  <datafield tag="942" ind1=" " ind2=" ">
    <subfield code="2">lcc</subfield>
    <subfield code="c">B</subfield>
  </datafield>
  <datafield tag="999" ind1=" " ind2=" ">
    <subfield code="c">2686</subfield>
    <subfield code="d">2686</subfield>
  </datafield>
  <datafield tag="952" ind1=" " ind2=" ">
    <subfield code="0">0</subfield>
    <subfield code="1">0</subfield>
    <subfield code="4">0</subfield>
    <subfield code="7">0</subfield>
    <subfield code="a">BRCA</subfield>
    <subfield code="b">BRCA</subfield>
    <subfield code="d">2008-12-16</subfield>
    <subfield code="i">B102</subfield>
    <subfield code="l">0</subfield>
    <subfield code="o">F1211.D9 .D97 1887 (B102)</subfield>
    <subfield code="p">2944</subfield>
    <subfield code="r">2019-03-22 00:00:00</subfield>
    <subfield code="w">2019-03-22</subfield>
    <subfield code="y">B</subfield>
  </datafield>
</record>
